A balcony in the forest. / (Record no. 2227)

MARC details
000 -LEADER
fixed length control field 00386nam a22001457a 4500
008 - FIXED-LENGTH DATA ELEMENTS--GENERAL INFORMATION
fixed length control field 120829t xxu||||| |||| 00| 0 eng d
020 ## - INTERNATIONAL STANDARD BOOK NUMBER
International Standard Book Number 1860462944
050 ## - LIBRARY OF CONGRESS CALL NUMBER
Classification number PQ 2613.G75
100 ## - MAIN ENTRY--PERSONAL NAME
Personal name Gracq, Julien
245 ## - TITLE STATEMENT
Title A balcony in the forest. /
Statement of responsibility, etc. Julien Gracq
260 ## - PUBLICATION, DISTRIBUTION, ETC.
Place of publication, distribution, etc. London:
Name of publisher, distributor, etc. The Harvard Press,
Date of publication, distribution, etc. 1996.
300 ## - PHYSICAL DESCRIPTION
Extent 213 p.:
Dimensions 20cm.
700 ## - ADDED ENTRY--PERSONAL NAME
Personal name Howard, Richard
942 ## - ADDED ENTRY ELEMENTS (KOHA)
Source of classification or shelving scheme Library of Congress Classification
Koha item type Books
Holdings
Withdrawn status Lost status Source of classification or shelving scheme Damaged status Not for loan Home library Current library Shelving location Date acquired Total Checkouts Full call number Barcode Date last seen Copy number Price effective from Koha item type
    Library of Congress Classification     WISCONSIN INTERNATIONAL UNIVERSITY COLLEGE, GHANA - MAIN LIBRARY WISCONSIN INTERNATIONAL UNIVERSITY COLLEGE, GHANA - MAIN LIBRARY General Stacks 29/08/2012   PQ 2613.G75 6029/12 29/08/2012 1 29/08/2012 Books

If you have any concerns or questions; kindly contact the library


© Powered by WIUC ICT DIRECTORATE